|
|
|
|
| LEADER |
01291Cam#a2200325#a#4500 |
| 001 |
020678 |
| 005 |
20160721155445.0 |
| 008 |
090317s2007||||ag d f#b #000|0#spa#d |
| 020 |
|
|
|a 978922320952
|
| 040 |
|
|
|a AR-BeUNQ
|
| 082 |
0 |
4 |
|a 331.137
|2 21
|
| 100 |
1 |
|
|a Bertranou, Fabio M
|
| 245 |
0 |
2 |
|a Políticas y programas de protección al desempleo en Argentina /
|c Fabio M. Bertranou, Jorge A. Paz.
|
| 250 |
|
|
|a 1a. ed.
|
| 260 |
|
|
|a Buenos Aires :
|b Oficina Internacional del Trabajo,
|c 2007.
|
| 300 |
|
|
|a 186 p. :
|b gráficos ;
|c 22 cm.
|
| 504 |
|
|
|a Bibliografía: p. 179-186.
|
| 530 |
|
|
|a También disponible en versión en línea.
|u http://www.oitchile.cl/pdf/pro025.pdf
|
| 650 |
|
7 |
|a Desempleo
|2 spines
|
| 650 |
|
7 |
|a Seguro de desempleo
|2 spines
|
| 650 |
|
7 |
|a Protección social
|2 toit
|
| 650 |
|
7 |
|a Prestaciones por desempleo
|2 toit
|
| 651 |
|
7 |
|a Argentina
|2 spines
|
| 700 |
1 |
|
|a Paz, Jorge A
|e aut
|4 aut
|
| 710 |
2 |
|
|a Organización Internacional del Trabajo.
|
| 929 |
|
|
|a DONACION
|b OIT Argentina
|d 0,00
|e 20080219
|f PAT0022814
|g 944 Exp. 827-0387/98
|j 43406
|
| 929 |
|
|
|a DONACION
|b OIT Argentina
|d 0,00
|e 20080219
|f PAT0022815
|g 944 Exp. 827-0387/98
|j 43407
|
| 929 |
|
|
|a DONACION
|b Juan Cerda
|d 0,00
|e 20100914
|f PAT0035514
|g 1644 Exp. 827-0387/98
|j 45775
|
| 942 |
|
|
|c LIB
|n 0
|
| 999 |
|
|
|c 20288
|d 95675
|